00416nam a2200145Ia 4500008004100000020001500041041001200056082001600068100001400084245008900098260004400187300000900231650001500240700001500255221030s9999 xx 000 0 und d a0195667476 aEnglish a105.23bSoa aC. Soanes 0aCompact Oxford Dictionary, Thesaurus, & Word - Power Guidecby C. Soanes, A. Spooner bOxfor University PressaNew Delhic2004 a1082 aDictionary aA. Spooner